| 000 | 00377nam a2200133Ia 4500 | ||
|---|---|---|---|
| 008 | 220217s9999||||xx |||||||||||||| ||und|| | ||
| 020 | _a81-8404-093-8 | ||
| 082 | _a005.13 HIL | ||
| 100 |
_aHilyard, Jay and Teilbet, Stephen _95591 |
||
| 245 | 0 | _aC# cookbook | |
| 260 |
_aShroff publishers and dis. Pvt. _bMumbai _c2006 |
||
| 300 | _b600 | ||
| 650 | _aPROGRAMMING LANGUAGE | ||
| 999 |
_c176617 _d176617 |
||